00561nam a2200193Ia 4500008004100000020001800041082000800059100003000067245002400097250000600121260002900127300001400156500002400170650001400194700004500208942000700253952009000260999001700350230524s9999 xx 000 0 und d a9788131734421 bSUL aWilliam G.Sullivam942506 0aEngineering Economy a4 aNew DelhibPearsonc2012 a"X,659p;" aQuantity Number: 1 aEconomics a"Elin M.Wicks ,C.Patric Koelling"942507 cBK 00104070aTATCLbTATCLcGENd2023-05-24l0o SULp53985r2023-05-24w2023-05-24yBK c56939d56939